Fehrist nuskha khatti aarsheef milli Afghanistan (Record no. 1435283)
[ view plain ]
| 000 -LEADER | |
|---|---|
| fixed length control field | 00862nam a22002297a 4500 |
| 005 - DATE AND TIME OF LATEST TRANSACTION | |
| control field | 20250910105219.0 |
| 008 - FIXED-LENGTH DATA ELEMENTS--GENERAL INFORMATION | |
| fixed length control field | 250910b |||||||| |||| 00| 0 eng d |
| 037 ## - SOURCE OF ACQUISITION | |
| Terms of availability | BB |
| 040 ## - CATALOGING SOURCE | |
| Original cataloging agency | AL |
| Transcribing agency | AL |
| 041 ## - LANGUAGE CODE | |
| Source of code | PER |
| Language code of text/sound track or separate title | PER |
| 084 ## - COLON CLASSIFICATION NUMBER | |
| Classification number | a12-3164,1491 164M8.2 |
| Item number | AL |
| 100 ## - MAIN ENTRY--PERSONAL NAME | |
| Personal name | Afzali, Mohammad Afzal |
| 9 (RLIN) | 820871 |
| 245 ## - TITLE STATEMENT | |
| Title | Fehrist nuskha khatti aarsheef milli Afghanistan |
| 260 ## - PUBLICATION, DISTRIBUTION, ETC. | |
| Place of publication, distribution, etc. | Kabul, Afghanistan: |
| Name of publisher, distributor, etc. | Danishgah, |
| Date of publication, distribution, etc. | 1988. |
| 300 ## - PHYSICAL DESCRIPTION | |
| Extent | 194p. (Vol.2, Pt,1) |
| -- | 195-330p. (Vol.2, Pt,2) |
| 365 ## - TRADE PRICE | |
| Price amount | 800.00 |
| Currency code | INR |
| 440 ## - SERIES STATEMENT/ADDED ENTRY--TITLE | |
| Volume/sequential designation | Vol. 2 Pt,1-2 |
| 650 ## - SUBJECT ADDED ENTRY--TOPICAL TERM | |
| Topical term or geographic name entry element | Persian Language |
| 9 (RLIN) | 820872 |
| 650 ## - SUBJECT ADDED ENTRY--TOPICAL TERM | |
| Topical term or geographic name entry element | Bibliography |
| 9 (RLIN) | 820873 |
| 942 ## - ADDED ENTRY ELEMENTS (KOHA) | |
| Source of classification or shelving scheme | Colon Classification (CC) |
| Koha item type | Reference |
| Classification part | a12-3164,1491 164M8.2 |
| Suppress in OPAC | No |
| Withdrawn status | Lost status | Source of classification or shelving scheme | Damaged status | Not for loan | Home library | Current library | Date acquired | Source of acquisition | Cost, normal purchase price | Serial Enumeration / chronology | Inventory number | Total Checkouts | Full call number | Barcode | Date last seen | Price effective from | Koha item type |
|---|---|---|---|---|---|---|---|---|---|---|---|---|---|---|---|---|---|
| Colon Classification (CC) | Arts Library | Arts Library | 2025-09-10 | H. S. Qasmi | 800.00 | Vol.2 | 07 & 16.06.2010 | a12-3164,1491 164M8.2 | AL1484907 | 2025-09-10 | 2025-09-10 | Reference | |||||
| Colon Classification (CC) | Arts Library | Arts Library | 2025-09-10 | H. S. Qasmi | 800.00 | Vol.2 | 07 & 16.06.2010 | a12-3164,1491 164M8.2 | AL1484906 | 2025-09-10 | 2025-09-10 | Reference |
